000 00626nam a2200217Ia 4500
003 GCL
008 140319s9999 xx 000 0 ara d
040 _aGCL /
_cGCL
082 0 4 _a671.2
_bج م
100 1 _aجونز، و . د
245 1 0 _aالمعادن والرواسب المعدنية /
_cجونز، و . د
700 1 _aوليامز. د.
700 1 _aعبدالعزيز عثمان
300 _a302 ص
490 _aالالف كتاب
_v0
650 0 4 _aالمعادن
650 0 4 _aالرواسب
650 0 4 _aالرواسب المعدنية
650 0 4 _aالمعادن المشعة
942 _2ddc
_cBK
999 _c43211
_d43211